01368nam a2200325 i 4500003000900000005001700009007000300026008004100029020001800070040003000088041000800118082002300126245012700149264011500276300002800391336002800419337003400447338002900481490003700510500006500547650003300612650002300645700007300668700005500741700005300796700005400849700007100903700003600974710003201010DO-SdBNP20260529114430.0ta211227e2019 dr a|||er|||| 000 fdspa d a9781641311724 aDO-SdBNPbspacBNPHUerda aspa 4aPR863.5bN136d22210aNadie descubrirá tus huellas :b(novela policíaca) /cLuis Alejandro Polanco... [y otros] ; editor, Emilio del Carril. 4aSan Juan, Puerto Rico :bPaís Invisible Editores Editorial, aSanto Domingo :bEditorial Santuario,c©2019. a234 páginas ;c21 cm. atextobtxt2rdacontent  asin mediación bn2rdamedia avolumen bn2rdacarrier 0 aAmalgama G7. Colectivo Literario aIncluye biografía de los autores en la páginas 225- 234 4aLiteratura puertorriqueña  0aCiencia ficción 1 aPolanco, Luis Alejandro (República Dominicana)d1959-eautor4aut.1 aCruz, Mara Daisy (Puerto Rico)d1959-eautor4aut.1 aCáez, Awilda (Puerto Rico)d1972-eautor4aut.1 aMelián, Leyda (Puerto Rico)d1956-eautor4aut.1 aGonzález Rodríguez, Milagros (Puerto Rico)d1959-eautor4aut.1 aCarril, Emilio deleeditor4ed.2 aAmalga G7 (Grupo literario)